[Event "Open A"]
[Site "Bratto - Castione della Presolana ITA"]
[Date "2009.08.23"]
[Round "3"]
[White "Pavasovic, Dusko"]
[Black "Bruno, Fabio"]
[Result "1/2-1/2"]
[WhiteElo "2605"]
[BlackElo "2455"]
[PlyCount "170"]
[EventDate "2009.08.21"]

1. e4 c5 2. Nf3 e6 3. c3 d5 4. exd5 exd5 5. d4 Nc6 6. Bb5 Bd6 7. O-O Nge7 8.
dxc5 Bxc5 9. Nbd2 O-O 10. Nb3 Bd6 11. Bd3 Re8 12. Re1 Bd7 13. Qc2 h6 14. Be3
Bg4 15. Nbd4 Qd7 16. Qd2 Nf5 17. Nxf5 Bxf5 18. Bxf5 Qxf5 19. Rad1 Rad8 20. Qd3
Re4 21. Nd2 Bxh2+ 22. Kf1 Rf4 23. Nb3 Qxd3+ 24. Rxd3 Rf5 25. Nd4 Nxd4 26. Bxd4
Bd6 27. Rde3 Kh7 28. Re8 Rd7 29. Bxa7 b6 30. Bxb6 Rb7 31. Bd4 Rxb2 32. R8e2 Rb8
33. a4 Ra8 34. Ra2 Bc7 35. Re7 Ba5 36. Ke2 h5 37. Kd3 h4 38. Re5 Rxe5 39. Bxe5
Rc8 40. Bd4 Rc4 41. Kc2 Kg6 42. Kb3 Rc7 43. Re2 Rb7+ 44. Kc2 Rc7 45. Re3 f6 46.
Rh3 Kg5 47. Rd3 Kf5 48. Rf3+ Ke6 49. Rh3 Rc4 50. Kb3 Kf7 51. f4 Rc8 52. Rxh4
Rb8+ 53. Kc2 Bc7 54. f5 Be5 55. Rh1 Rc8 56. Kd3 Ra8 57. Ra1 g6 58. fxg6+ Kxg6
59. a5 Ra6 60. Bb6 Kf5 61. Ra4 Ke6 62. Rg4 Ra8 63. c4 Kd6 64. Rg7 Kc6 65. g4
dxc4+ 66. Kxc4 Rh8 67. Kd3 Rh1 68. Ke4 Rf1 69. Be3 Ra1 70. Bb6 Rf1 71. Rg6 Kb5
72. Kd5 Bc3 73. Ke6 Rf4 74. Bd8 Bb2 75. Bc7 Rc4 76. Bd8 Rf4 77. Rg7 Ka6 78. Bc7
Rc4 79. Bb6 Re4+ 80. Kf5 Re5+ 81. Kf4 Rd5 82. Ra7+ Kb5 83. Ra8 Bc1+ 84. Ke4
Re5+ 85. Kf3 f5 1/2-1/2

[Event "Open A"]
[Site "Bratto - Castione della Presolana ITA"]
[Date "2009.08.23"]
[Round "3"]
[White "Rombaldoni, Axel"]
[Black "Borisek, Jure"]
[Result "1-0"]
[WhiteElo "2425"]
[BlackElo "2575"]
[PlyCount "67"]
[EventDate "2009.08.21"]

1. e4 e5 2. Nf3 Nc6 3. Bb5 a6 4. Ba4 Nf6 5. O-O Be7 6. Re1 b5 7. Bb3 d6 8. c3
O-O 9. h3 a5 10. a4 b4 11. d4 bxc3 12. bxc3 exd4 13. Nxd4 Bb7 14. Nf5 Ne5 15.
Nxe7+ Qxe7 16. f4 Ned7 17. e5 dxe5 18. fxe5 Nxe5 19. Bf4 Qc5+ 20. Be3 Qc6 21.
Ra2 Rad8 22. Bd4 Ng6 23. Rf1 Ne4 24. Qg4 Qd6 25. Na3 c5 26. Nc4 Qc7 27. Be3
Nxc3 28. Raf2 Bd5 29. Bd2 Ne5 30. Nxe5 Qxe5 31. Bxc3 Qxc3 32. Bxd5 Rxd5 33.
Rxf7 Re8 34. Rf8+ 1-0

[Event "Open A"]
[Site "Bratto - Castione della Presolana ITA"]
[Date "2009.08.23"]
[Round "3"]
[White "Rombaldoni, Denis"]
[Black "Nikolova, Adriana"]
[Result "1-0"]
[WhiteElo "2465"]
[BlackElo "2316"]
[PlyCount "69"]
[EventDate "2009.08.21"]

1. e4 c5 2. Nf3 d6 3. d4 cxd4 4. Nxd4 Nf6 5. Nc3 a6 6. Bg5 h6 7. Bh4 Nc6 8. Nb3
g5 9. Bg3 Bg7 10. h4 gxh4 11. Rxh4 h5 12. Qd2 Bg4 13. f3 Be6 14. Nd5 a5 15. Bb5
Kf8 16. a4 Bh6 17. Bf4 Bxf4 18. Rxf4 Bxd5 19. exd5 Ne5 20. O-O-O Qb6 21. Rh1
Ng6 22. Rd4 Kg7 23. Bd3 h4 24. Kb1 Rh5 25. Bxg6 fxg6 26. Rhxh4 Qa6 27. Rxh5
gxh5 28. Qe1 Kf8 29. g4 hxg4 30. fxg4 Nd7 31. Rf4+ Ke8 32. Qe6 Kd8 33. Rf7 Kc7
34. Qxe7 Rd8 35. Nd4 1-0

[Event "Open A"]
[Site "Bratto - Castione della Presolana ITA"]
[Date "2009.08.23"]
[Round "3"]
[White "Sanchez, Joseph"]
[Black "Godena, Michele"]
[Result "1/2-1/2"]
[WhiteElo "2491"]
[BlackElo "2540"]
[PlyCount "115"]
[EventDate "2009.08.21"]

1. e4 e5 2. Nf3 Nc6 3. Nc3 Nf6 4. Bb5 Bb4 5. O-O O-O 6. d3 d6 7. Bg5 Ne7 8. Nh4
c6 9. Ba4 Ng6 10. Bb3 Kh8 11. Ne2 h6 12. Nxg6+ fxg6 13. Bd2 Bc5 14. c3 Bb6 15.
Qe1 d5 16. exd5 Nxd5 17. d4 exd4 18. Nxd4 Qd6 19. Qe4 Bf5 20. Qh4 Bd3 21. Rfe1
Nf4 22. Bxf4 Rxf4 23. Qe7 Qxe7 24. Rxe7 Raf8 25. Re3 Ba6 26. Rf3 Bxd4 27. cxd4
Rxf3 28. gxf3 Rxf3 29. Re1 h5 30. Re8+ Kh7 31. d5 cxd5 32. Bxd5 Rf5 33. Be4
Rg5+ 34. Kh1 h4 35. h3 Rb5 36. b3 Rb6 37. Kg2 Rd6 38. Re7 Rb6 39. f4 Kg8 40.
Bd5+ Kf8 41. Rf7+ Ke8 42. Rxg7 Rd6 43. Be4 Bd3 44. Bxd3 Rxd3 45. Rxb7 a5 46.
Ra7 Rd2+ 47. Kf3 Rxa2 48. Kg4 Rb2 49. Rxa5 Rxb3 50. Ra7 Rg3+ 51. Kxh4 Rg1 52.
Ra3 Kf7 53. Rg3 Ra1 54. Kg4 Kf6 55. Rb3 Rg1+ 56. Kf3 Rf1+ 57. Ke4 Re1+ 58. Re3
1/2-1/2

[Event "Open A"]
[Site "Bratto - Castione della Presolana ITA"]
[Date "2009.08.23"]
[Round "3"]
[White "Sax, Gyula"]
[Black "Horvath, Csaba"]
[Result "1/2-1/2"]
[WhiteElo "2524"]
[BlackElo "2522"]
[PlyCount "43"]
[EventDate "2009.08.21"]

1. e4 e5 2. Nf3 Nc6 3. Bb5 a6 4. Ba4 Nf6 5. O-O Be7 6. Re1 b5 7. Bb3 d6 8. c3
O-O 9. h3 Na5 10. Bc2 c5 11. d4 Qc7 12. Nbd2 cxd4 13. cxd4 Nc6 14. a3 exd4 15.
Nb3 Bb7 16. Nbxd4 Nxd4 17. Nxd4 Rfe8 18. Bf4 Bf8 19. f3 Qb6 20. Qd2 Rac8 21.
Rad1 g6 22. b4 1/2-1/2

[Event "Open A"]
[Site "Bratto - Castione della Presolana ITA"]
[Date "2009.08.23"]
[Round "3"]
[White "Shytaj, Luca"]
[Black "Skembris, Spyridon"]
[Result "1/2-1/2"]
[WhiteElo "2455"]
[BlackElo "2452"]
[PlyCount "35"]
[EventDate "2009.08.21"]

1. e4 c6 2. d4 d5 3. Nc3 dxe4 4. Nxe4 Nd7 5. Nf3 Ngf6 6. Ng3 g6 7. Bc4 Bg7 8.
O-O O-O 9. Re1 Nb6 10. Bf1 Bg4 11. h3 Bxf3 12. Qxf3 Re8 13. c3 Qd5 14. Ne4 Nxe4
15. Qxe4 e5 16. Qxd5 Nxd5 17. dxe5 Bxe5 18. Bh6 1/2-1/2

[Event "Open A"]
[Site "Bratto - Castione della Presolana ITA"]
[Date "2009.08.23"]
[Round "3"]
[White "Tomba, Ivan"]
[Black "Cebalo, Miso"]
[Result "0-1"]
[WhiteElo "2293"]
[BlackElo "2476"]
[PlyCount "68"]
[EventDate "2009.08.21"]

1. e4 c5 2. Nf3 d6 3. d4 cxd4 4. Nxd4 Nf6 5. Nc3 e6 6. Be3 Be7 7. Bd3 Nc6 8.
Nb3 O-O 9. O-O a6 10. f4 e5 11. f5 h6 12. Nd5 b5 13. a4 Rb8 14. Qe2 Nxd5 15.
exd5 Nb4 16. Be4 bxa4 17. Rxa4 Bd7 18. Ra3 Bg5 19. c3 Bb5 20. Qd2 Bxf1 21. Kxf1
Bxe3 22. Qxe3 Qh4 23. Kg1 Rfc8 24. cxb4 Rxb4 25. Bd3 e4 26. Bf1 Rc2 27. Nd4
Rcxb2 28. Rxa6 Rb1 29. Nc2 R4b3 30. Qd4 Rd3 31. Qa7 Rxf1+ 32. Kxf1 Rd1+ 33. Ke2
Qg4+ 34. Ke3 Rd3+ 0-1

[Event "Open A"]
[Site "Bratto - Castione della Presolana ITA"]
[Date "2009.08.23"]
[Round "3"]
[White "Valsecchi, Alessio"]
[Black "Tramalloni, Luca"]
[Result "1/2-1/2"]
[WhiteElo "2372"]
[BlackElo "2116"]
[PlyCount "75"]
[EventDate "2009.08.21"]

1. e4 c5 2. Nf3 d6 3. d4 cxd4 4. Nxd4 Nf6 5. Nc3 g6 6. Be3 Bg7 7. f3 O-O 8. Qd2
Nc6 9. O-O-O d5 10. Kb1 Nxd4 11. e5 Nf5 12. exf6 exf6 13. Bc5 d4 14. Bb5 Qa5
15. Bxf8 dxc3 16. Qd8 Qxd8 17. Rxd8 Bxf8 18. Rhd1 Kg7 19. bxc3 Nd6 20. R1xd6
Bxd6 21. Rxd6 Be6 22. Kb2 Rc8 23. Rd4 Kf8 24. Bd7 Rd8 25. Bxe6 Rxd4 26. cxd4
fxe6 27. Kc3 Ke7 28. Kc4 Kd6 29. g3 Kc6 30. a4 b6 31. h3 h5 32. f4 g5 33. fxg5
fxg5 34. h4 gxh4 35. gxh4 a6 36. c3 Kd6 37. Kd3 e5 38. Ke4 1/2-1/2

[Event "Open A"]
[Site "Bratto - Castione della Presolana ITA"]
[Date "2009.08.23"]
[Round "3"]
[White "Vocaturo, Daniele"]
[Black "Contin, Daniel"]
[Result "1-0"]
[WhiteElo "2507"]
[BlackElo "2279"]
[PlyCount "95"]
[EventDate "2009.08.21"]

1. e4 e6 2. d4 d5 3. Nc3 Bb4 4. e5 c5 5. a3 Bxc3+ 6. bxc3 Ne7 7. h4 Qa5 8. Bd2
Nbc6 9. h5 Bd7 10. h6 gxh6 11. Rb1 c4 12. Rxb7 O-O-O 13. Qb1 Qxa3 14. Rb2 Qa6
15. Ra2 Qb7 16. Qa1 Kc7 17. Rb2 Qa8 18. Bxh6 Rb8 19. Bc1 Rxb2 20. Bxb2 Qb7 21.
Kd2 Kb8 22. Nf3 h6 23. g3 Ka8 24. Be2 Bc8 25. Rb1 Qa6 26. Ba3 Bd7 27. Rb2 Ng6
28. Ra2 Qb7 29. Bd6 Nb8 30. Ng1 h5 31. Nh3 Bb5 32. Qd1 h4 33. g4 Nd7 34. f4 f5
35. gxf5 exf5 36. Bf3 Bc6 37. Qa1 Re8 38. Rb2 Nb6 39. Qa3 Ne7 40. Bh5 Nec8 41.
Bxe8 Bxe8 42. Bc5 Qg7 43. Ng5 h3 44. Bxb6 h2 45. Qa1 Nxb6 46. Rxb6 h1=Q 47.
Qxh1 axb6 48. Qxd5+ 1-0

[Event "Open A"]
[Site "Bratto - Castione della Presolana ITA"]
[Date "2009.08.24"]
[Round "4"]
[White "Aranovitch, Emiliano"]
[Black "Chatalbashev, Boris"]
[Result "1/2-1/2"]
[WhiteElo "2356"]
[BlackElo "2548"]
[PlyCount "54"]
[EventDate "2009.08.21"]

1. e4 d6 2. d4 Nf6 3. Nc3 g6 4. Nf3 Bg7 5. Be2 O-O 6. O-O c6 7. a4 Qc7 8. h3 e5
9. Re1 Nbd7 10. Be3 b6 11. Qd2 a6 12. dxe5 dxe5 13. Red1 Bb7 14. Qd6 Rfc8 15.
Qxc7 Rxc7 16. Nd2 b5 17. f3 Bf8 18. Nb3 Bb4 19. Na2 Be7 20. Nc3 Nh5 21. Bf2 Nf4
22. Bf1 b4 23. Nb1 Ne6 24. N1d2 Ndc5 25. Nxc5 Bxc5 26. Bxc5 Nxc5 27. Nb3 Nxb3
1/2-1/2

[Event "Open A"]
[Site "Bratto - Castione della Presolana ITA"]
[Date "2009.08.24"]
[Round "4"]
[White "Bruno, Fabio"]
[Black "Lenic, Luka"]
[Result "0-1"]
[WhiteElo "2455"]
[BlackElo "2565"]
[PlyCount "60"]
[EventDate "2009.08.21"]

1. d4 Nf6 2. Nf3 d5 3. c4 e6 4. e3 a6 5. a3 dxc4 6. Bxc4 c5 7. O-O cxd4 8. exd4
Be7 9. Nc3 b5 10. Bb3 Bb7 11. Bg5 O-O 12. Qd3 Nc6 13. Rfd1 Rc8 14. Rac1 Na5 15.
Bc2 g6 16. Bh6 Re8 17. Ne5 Nc4 18. Nxc4 Rxc4 19. Bb3 Rc8 20. Qh3 Qd6 21. Re1
Qxd4 22. Bxe6 fxe6 23. Qxe6+ Kh8 24. Bg5 Ng4 25. Be3 Nxe3 26. Rxe3 Qf6 27. Qd7
Qc6 28. Qg4 Bf6 29. Rce1 Rxe3 30. Rxe3 Re8 0-1

[Event "Open A"]
[Site "Bratto - Castione della Presolana ITA"]
[Date "2009.08.24"]
[Round "4"]
[White "Cebalo, Miso"]
[Black "Pavasovic, Dusko"]
[Result "1/2-1/2"]
[WhiteElo "2476"]
[BlackElo "2605"]
[PlyCount "89"]
[EventDate "2009.08.21"]

1. d4 f5 2. g3 Nf6 3. Bg2 g6 4. Nf3 Bg7 5. c4 d6 6. Nc3 O-O 7. O-O Qe8 8. b3
Na6 9. Ba3 h6 10. Rc1 g5 11. e3 c6 12. b4 Nc7 13. d5 Bd7 14. Nd4 cxd5 15. cxd5
Qf7 16. Bb2 Ng4 17. Qb3 Rac8 18. Nce2 Nf6 19. Nc3 Ng4 20. h3 Bxd4 21. hxg4 Bg7
22. gxf5 Bxf5 23. e4 Bg4 24. Nd1 Bxb2 25. Qxb2 Qg7 26. Qxg7+ Kxg7 27. Ne3 Bd7
28. e5 Na6 29. a3 dxe5 30. d6 Rb8 31. dxe7 Rfe8 32. Nd5 Bc6 33. b5 Bxb5 34.
Rfe1 Rbc8 35. Rxc8 Rxc8 36. Rxe5 Be8 37. f4 gxf4 38. gxf4 Rc5 39. Kf2 Nc7 40.
Nxc7 Rxc7 41. Bd5 Kf6 42. Re6+ Kf5 43. Ke3 Rc3+ 44. Kd4 Rc7 45. Rxh6 1/2-1/2

[Event "Open A"]
[Site "Bratto - Castione della Presolana ITA"]
[Date "2009.08.24"]
[Round "4"]
[White "Collutiis, Duilio"]
[Black "Bresciani, Nicola"]
[Result "1-0"]
[WhiteElo "2449"]
[BlackElo "2274"]
[PlyCount "136"]
[EventDate "2009.08.21"]

1. e4 c5 2. Nc3 Nc6 3. Bb5 Nd4 4. Bc4 g6 5. Nf3 Bg7 6. Nxd4 cxd4 7. Qf3 Nh6 8.
Ne2 O-O 9. h3 e6 10. d3 f5 11. Qg3 fxe4 12. dxe4 Nf7 13. O-O Qb6 14. Kh1 Qc6
15. Bd3 e5 16. Bd2 d5 17. f3 Be6 18. b3 Nd6 19. Qh4 Rf7 20. Ng3 Raf8 21. Bb4
Re8 22. Qg5 Rf4 23. Ne2 Nf7 24. Qg3 Rf6 25. Rad1 dxe4 26. Bxe4 Qb6 27. Qe1 Ng5
28. Ng3 Rf7 29. c4 Bf8 30. Bd2 Nxe4 31. Nxe4 Bf5 32. Qe2 Qc6 33. Rde1 Bg7 34.
Qd3 b6 35. Re2 a5 36. Rfe1 Bxe4 37. Rxe4 Ref8 38. R1e2 Rf5 39. Be1 Rf4 40. Bg3
Rxe4 41. Rxe4 Rf5 42. Re2 a4 43. Bh2 h5 44. b4 Kh7 45. a3 Bf6 46. Re4 h4 47.
Bg1 Bg5 48. Bf2 Qf6 49. Qd1 Qc6 50. Bxh4 Qxc4 51. Bxg5 Rxg5 52. g4 Qb3 53. Qxb3
axb3 54. Kg2 b2 55. Re1 e4 56. fxe4 d3 57. Rb1 d2 58. Kf3 Re5 59. Ke3 Re7 60.
Kxd2 Rxe4 61. Rxb2 Kh6 62. Rc2 Re6 63. Kd3 Kg5 64. Kd4 Kf4 65. Rc3 Rd6+ 66. Kc4
Rc6+ 67. Kb3 Re6 68. a4 Ke5 1-0

[Event "Open A"]
[Site "Bratto - Castione della Presolana ITA"]
[Date "2009.08.24"]
[Round "4"]
[White "Dvirnyy, Danyyil"]
[Black "Vocaturo, Daniele"]
[Result "1/2-1/2"]
[WhiteElo "2440"]
[BlackElo "2507"]
[PlyCount "89"]
[EventDate "2009.08.21"]

1. e4 e5 2. Nf3 Nc6 3. Bb5 a6 4. Ba4 Nf6 5. O-O Nxe4 6. d4 b5 7. Bb3 d5 8. dxe5
Be6 9. Nbd2 Nc5 10. c3 Bg4 11. h3 Bh5 12. Bc2 Ne6 13. Re1 Bc5 14. Nf1 Ne7 15.
Ng3 Bg6 16. h4 Qd7 17. h5 Bxc2 18. Qxc2 h6 19. Be3 Bxe3 20. Rxe3 c5 21. Rd1 Qc6
22. Nh4 d4 23. Re4 g6 24. hxg6 fxg6 25. Rg4 h5 26. Rxg6 O-O-O 27. Rf6 Nd5 28.
Ng6 Rhe8 29. Qe4 Qd7 30. Nf5 Kb8 31. cxd4 Ng5 32. Qh4 Nxf6 33. Qxg5 Nh7 34.
Qxh5 Nf8 35. Nd6 Nxg6 36. Nxe8 Qxe8 37. dxc5 Rxd1+ 38. Qxd1 Nxe5 39. Qd6+ Kb7
40. Qb6+ Kc8 41. Qxa6+ Kb8 42. Qb6+ Kc8 43. Qa6+ Kb8 44. Qd6+ Kb7 45. Qb6+
1/2-1/2

[Event "Open A"]
[Site "Bratto - Castione della Presolana ITA"]
[Date "2009.08.24"]
[Round "4"]
[White "Genocchio, Daniele"]
[Black "Sax, Gyula"]
[Result "1-0"]
[WhiteElo "2455"]
[BlackElo "2524"]
[PlyCount "79"]
[EventDate "2009.08.21"]

1. d4 Nf6 2. c4 e6 3. Nc3 Bb4 4. f3 c5 5. d5 d6 6. e4 O-O 7. Nge2 exd5 8. cxd5
b5 9. Ng3 Qb6 10. Be3 Nbd7 11. a3 Bxc3+ 12. bxc3 Ne5 13. Be2 Qa5 14. Qd2 Re8
15. O-O h6 16. Rfb1 Nc4 17. Bxc4 bxc4 18. Bf4 Rd8 19. Nf1 Qa4 20. Rb2 Nh5 21.
Be3 Nf6 22. Ng3 Qe8 23. Bf4 Nh7 24. Re1 f6 25. Nf1 Nf8 26. Ne3 Qa4 27. Reb1 Ng6
28. Bg3 Ne7 29. Rb8 Rxb8 30. Rxb8 Qxa3 31. Nxc4 Qa6 32. Ne3 Qa5 33. h3 Qc7 34.
Rb1 Qa5 35. Qb2 Qc7 36. Nc4 a5 37. Qb8 Qd7 38. Qxd6 Qe8 39. Qxc5 a4 40. Qa3 1-0

[Event "Open A"]
[Site "Bratto - Castione della Presolana ITA"]
[Date "2009.08.24"]
[Round "4"]
[White "Godena, Michele"]
[Black "Rombaldoni, Axel"]
[Result "1-0"]
[WhiteElo "2540"]
[BlackElo "2425"]
[PlyCount "59"]
[EventDate "2009.08.21"]

1. e4 c5 2. c3 d5 3. exd5 Qxd5 4. d4 Nc6 5. Nf3 Bf5 6. dxc5 Qxd1+ 7. Kxd1 e6 8.
Be3 Nf6 9. Nbd2 Nd5 10. Nb3 Nxe3+ 11. fxe3 O-O-O+ 12. Ke1 e5 13. Ng5 Bg6 14.
Bc4 e4 15. Nxf7 Bxf7 16. Bxf7 Ne5 17. Be6+ Kb8 18. Ke2 Nd3 19. Rhf1 Be7 20. Rf7
Rhf8 21. Raf1 Bf6 22. Rxf8 Rxf8 23. Nd2 Nxb2 24. Nxe4 Re8 25. Nxf6 Rxe6 26. Nd5
Re8 27. Rf7 Rd8 28. Nb4 Na4 29. c6 Nxc3+ 30. Kf3 1-0

[Event "Open A"]
[Site "Bratto - Castione della Presolana ITA"]
[Date "2009.08.24"]
[Round "4"]
[White "Grigore, George-Gabriel"]
[Black "Bentivegna, Francesco"]
[Result "1-0"]
[WhiteElo "2558"]
[BlackElo "2324"]
[PlyCount "113"]
[EventDate "2009.08.21"]

1. d4 d5 2. c4 Nc6 3. cxd5 Qxd5 4. e3 e5 5. Nc3 Bb4 6. Bd2 Bxc3 7. bxc3 Qd6 8.
Bd3 Nge7 9. Ne2 O-O 10. O-O b6 11. f3 Kh8 12. Be1 f5 13. Bf2 Bb7 14. Qd2 e4 15.
Bg3 exd3 16. Bxd6 dxe2 17. Qxe2 cxd6 18. e4 f4 19. Qb5 Rac8 20. Rfd1 Ng6 21. c4
Na5 22. Rac1 Rf7 23. c5 Rfc7 24. Qb1 dxc5 25. dxc5 bxc5 26. Qb5 Nc6 27. Qxc5 h6
28. Rd6 Nge7 29. Rcd1 Ng8 30. Qf5 Nce7 31. Qxf4 Rc2 32. R6d2 R2c5 33. Rd8 Kh7
34. Rxc8 Bxc8 35. Rc1 Rg5 36. h4 Rg6 37. Rc2 Be6 38. Qe5 Bf7 39. a3 Re6 40. Qa5
a6 41. Rc7 Be8 42. a4 Ng6 43. Qd5 Rb6 44. Qd4 Rf6 45. Qa7 N6e7 46. Rxe7 Nxe7
47. Qxe7 Bxa4 48. Qe5 Bb5 49. Kf2 Rb6 50. g4 a5 51. Qf5+ Kh8 52. Qc5 Rb8 53.
Qa7 Rf8 54. Qxa5 Bd7 55. Qc5 Re8 56. g5 hxg5 57. hxg5 1-0

[Event "Open A"]
[Site "Bratto - Castione della Presolana ITA"]
[Date "2009.08.24"]
[Round "4"]
[White "Horvath, Csaba"]
[Black "Rombaldoni, Denis"]
[Result "1/2-1/2"]
[WhiteElo "2522"]
[BlackElo "2465"]
[PlyCount "81"]
[EventDate "2009.08.21"]

1. d4 d5 2. c4 e6 3. Nc3 Nf6 4. cxd5 exd5 5. Bg5 c6 6. e3 Nbd7 7. Bd3 Be7 8.
Qc2 Nf8 9. Nge2 Ne6 10. Bh4 Ng4 11. Bg3 g6 12. h3 Nh6 13. O-O-O Bh4 14. Kb1 O-O
15. Bxh4 Qxh4 16. Ng1 Ng7 17. Nf3 Qe7 18. e4 dxe4 19. Bxe4 Bf5 20. Rhe1 Bxe4
21. Nxe4 Nhf5 22. d5 cxd5 23. Nc3 Qc7 24. Nxd5 Qxc2+ 25. Kxc2 Ne6 26. g4 Nh6
27. Ne5 Rfd8 28. Re3 Rac8+ 29. Rc3 Rxc3+ 30. bxc3 Kg7 31. f4 f6 32. Nf3 Nf7 33.
Re1 Nc5 34. c4 b5 35. Kc3 bxc4 36. Kxc4 Na4 37. Re7 Nb2+ 38. Kd4 Na4 39. Kc4
Nb2+ 40. Kd4 Na4 41. Kc4 1/2-1/2

[Event "Open A"]
[Site "Bratto - Castione della Presolana ITA"]
[Date "2009.08.24"]
[Round "4"]
[White "Radice, Luca"]
[Black "Lapiccirella, Daniele"]
[Result "1/2-1/2"]
[WhiteElo "2070"]
[BlackElo "2203"]
[PlyCount "35"]
[EventDate "2009.08.21"]

1. d4 d5 2. Nf3 Nf6 3. e3 c6 4. Bd3 e6 5. Nbd2 Nbd7 6. O-O Be7 7. c3 b6 8. Qe2
Qc7 9. e4 dxe4 10. Nxe4 Bb7 11. Neg5 h6 12. Ne4 O-O 13. Nxf6+ Nxf6 14. Ne5 c5
15. Bf4 Bd6 16. Rfe1 cxd4 17. cxd4 Rac8 18. Rac1 1/2-1/2

[Event "Open A"]
[Site "Bratto - Castione della Presolana ITA"]
[Date "2009.08.24"]
[Round "4"]
[White "Romanishin, Oleg M."]
[Black "Pomaro, Alberto"]
[Result "1/2-1/2"]
[WhiteElo "2503"]
[BlackElo "2284"]
[PlyCount "40"]
[EventDate "2009.08.21"]

1. Nf3 Nf6 2. g3 g6 3. Bg2 Bg7 4. c4 O-O 5. O-O d5 6. cxd5 Nxd5 7. d4 c5 8. Nc3
cxd4 9. Nxd4 Nxc3 10. bxc3 a6 11. Ba3 Qc7 12. Qb3 Ra7 13. Bb4 b6 14. Qa3 Bb7
15. Nb5 axb5 16. Qxa7 Nc6 17. Qa3 Nxb4 18. Qxb4 Bxg2 19. Kxg2 Bxc3 20. Qxb5
Bxa1 1/2-1/2

[Event "Open A"]
[Site "Bratto - Castione della Presolana ITA"]
[Date "2009.08.24"]
[Round "4"]
[White "Shytaj, Luca"]
[Black "Sanchez, Joseph"]
[Result "1/2-1/2"]
[WhiteElo "2455"]
[BlackElo "2491"]
[PlyCount "65"]
[EventDate "2009.08.21"]

1. e4 c5 2. Nf3 Nc6 3. d4 cxd4 4. Nxd4 Nf6 5. Nc3 e5 6. Ndb5 d6 7. Bg5 a6 8.
Na3 b5 9. Nd5 Be7 10. Bxf6 Bxf6 11. c4 O-O 12. cxb5 Nd4 13. bxa6 Bg5 14. h4 Bh6
15. Nc2 f5 16. Nxd4 exd4 17. Qxd4 Kh8 18. Bc4 Re8 19. f3 fxe4 20. O-O Bxa6 21.
Bxa6 Rxa6 22. fxe4 Rc6 23. Rf7 Qxh4 24. Raf1 Rg8 25. Rf8 Rc1 26. Rxg8+ Kxg8 27.
Rxc1 Bxc1 28. Qc3 Qxe4 29. Qc8+ Kf7 30. Qd7+ Kg8 31. Qd8+ Kf7 32. Qd7+ Kg8 33.
Qd8+ 1/2-1/2

[Event "Open A"]
[Site "Bratto - Castione della Presolana ITA"]
[Date "2009.08.24"]
[Round "4"]
[White "Skembris, Spyridon"]
[Black "Dervishi, Erald"]
[Result "1/2-1/2"]
[WhiteElo "2452"]
[BlackElo "2545"]
[PlyCount "102"]
[EventDate "2009.08.21"]

1. d4 Nf6 2. c4 e6 3. Nf3 b6 4. g3 Bb7 5. Bg2 Be7 6. O-O O-O 7. Nc3 Ne4 8. Qc2
Nxc3 9. Qxc3 Be4 10. Bf4 d6 11. Qe3 Bb7 12. Bg5 Nd7 13. Rfd1 Nf6 14. d5 e5 15.
Nxe5 Nxd5 16. Bxd5 Bxg5 17. Qf3 Bxd5 18. Rxd5 Bf6 19. Nc6 Qd7 20. Rd2 a5 21.
Rad1 Rae8 22. b3 Qe6 23. Kg2 g6 24. e3 Bg7 25. h4 h5 26. Rd3 Qd7 27. Nd4 Re5
28. Qc6 Qxc6+ 29. Nxc6 Re4 30. a4 Ra8 31. Nd4 Kf8 32. Nb5 Re7 33. Nc3 Bxc3 34.
Rxc3 Ke8 35. Rd4 Kd7 36. Rcd3 Kc6 37. Kf3 Rae8 38. e4 Re5 39. Kf4 Kc5 40. f3
R8e6 41. g4 hxg4 42. Rd5+ Kb4 43. Kxg4 Ka3 44. Rxe5 Rxe5 45. Re3 c6 46. f4 Rc5
47. e5 dxe5 48. fxe5 b5 49. cxb5 cxb5 50. axb5 Rxb5 51. Kg5 Rb6 1/2-1/2

[Event "Open A"]
[Site "Bratto - Castione della Presolana ITA"]
[Date "2009.09.24"]
[Round "4"]
[White "Tramalloni, Luca"]
[Black "Tomba, Ivan"]
[Result "1-0"]
[WhiteElo "2116"]
[BlackElo "2293"]
[PlyCount "115"]
[EventDate "2009.08.21"]

1. d4 Nf6 2. c4 Nc6 3. Nf3 e6 4. a3 d6 5. Nc3 g6 6. d5 Ne5 7. Nxe5 dxe5 8. g3
Bg7 9. Bg2 O-O 10. O-O exd5 11. cxd5 Re8 12. e4 Qd6 13. h3 c6 14. dxc6 Qxc6 15.
Bg5 Be6 16. Rc1 Qb6 17. Qe2 Qb3 18. Nb5 Rac8 19. Nc7 Red8 20. Nxe6 Qxe6 21. Qb5
b6 22. Qa6 Qd7 23. Kh2 Rxc1 24. Rxc1 h6 25. Be3 Bf8 26. Bf3 Rb8 27. b4 Kg7 28.
Rd1 Qb7 29. Qxb7 Rxb7 30. Bc1 Rd7 31. Rxd7 Nxd7 32. Bb2 Bd6 33. Be2 Nb8 34. Kg2
Kf6 35. Kf3 a5 36. bxa5 bxa5 37. Bb5 Ke6 38. Ke2 Nd7 39. Bxd7+ Kxd7 40. a4 Kc6
41. Kd3 f6 42. Bc3 Bc7 43. Kc4 Bb6 44. f4 Bc7 45. fxe5 fxe5 46. Bd2 h5 47. Bc3
g5 48. g4 h4 49. Be1 Bb6 50. Bd2 Bd8 51. Bc1 Be7 52. Be3 Bf6 53. Bc5 Bd8 54.
Bf8 Bf6 55. Bh6 Be7 56. Bg7 Kd6 57. Kb5 Ke6 58. Kxa5 1-0

[Event "Open A"]
[Site "Bratto - Castione della Presolana ITA"]
[Date "2009.08.25"]
[Round "5"]
[White "Bentivegna, Francesco"]
[Black "Borisek, Jure"]
[Result "0-1"]
[WhiteElo "2324"]
[BlackElo "2575"]
[PlyCount "66"]
[EventDate "2009.08.21"]

1. d4 d5 2. c4 e6 3. Nc3 c6 4. e4 dxe4 5. Nxe4 Bb4+ 6. Nc3 Nf6 7. Nf3 c5 8. a3
Bxc3+ 9. bxc3 Qa5 10. Bd2 O-O 11. Bd3 b6 12. O-O Bb7 13. Re1 Nbd7 14. Ne5 Rfe8
15. Re3 Nf8 16. Rb1 Ng6 17. Rb5 Qxa3 18. Bc1 Qa6 19. Rb3 Qa4 20. Bc2 Nxe5 21.
dxe5 Qc6 22. Rg3 Rad8 23. Qe2 Ne4 24. Rg4 f5 25. exf6 Nxf6 26. Rg3 e5 27. Ra3
a5 28. h4 Qe6 29. h5 e4 30. Bf4 Qf5 31. Bc7 Nxh5 32. Rg4 Rd7 33. Bh2 Red8 0-1

[Event "Open A"]
[Site "Bratto - Castione della Presolana ITA"]
[Date "2009.08.25"]
[Round "5"]
[White "Cazzaniga, Walter"]
[Black "Radice, Luca"]
[Result "1/2-1/2"]
[WhiteElo "2145"]
[BlackElo "2070"]
[PlyCount "20"]
[EventDate "2009.08.21"]

1. d4 d5 2. c4 Bf5 3. cxd5 Bxb1 4. Qa4+ c6 5. Rxb1 Qxd5 6. Nf3 Nd7 7. a3 e6 8.
Qc2 Ngf6 9. e3 Bd6 10. Bc4 Qh5 1/2-1/2

[Event "Open A"]
[Site "Bratto - Castione della Presolana ITA"]
[Date "2009.08.25"]
[Round "5"]
[White "Chatalbashev, Boris"]
[Black "Giretti Kanev, Jasen"]
[Result "1-0"]
[WhiteElo "2548"]
[BlackElo "2227"]
[PlyCount "73"]
[EventDate "2009.08.21"]

1. d4 Nf6 2. c4 e6 3. Nf3 d5 4. Nc3 Be7 5. Bg5 h6 6. Bh4 O-O 7. e3 Ne4 8. Bxe7
Qxe7 9. cxd5 Nxc3 10. bxc3 exd5 11. Qb3 c6 12. c4 dxc4 13. Bxc4 b5 14. Bd3 Be6
15. Qc2 Na6 16. a3 Rac8 17. O-O Rfd8 18. Rfc1 Nb8 19. Qd2 Nd7 20. Qb4 Kf8 21.
Qa5 Qd6 22. Be4 Nb6 23. Qxa7 Nc4 24. Qc5 Qxc5 25. dxc5 Bd5 26. Bd3 Nb2 27. Bf5
Ra8 28. Nd4 Nc4 29. e4 Bxe4 30. Bxe4 Rxd4 31. Bxc6 Rxa3 32. Bxb5 Rxa1 33. Rxa1
Ne5 34. c6 Nc4 35. c7 Nb6 36. Ra6 Rd1+ 37. Bf1 1-0

[Event "Open A"]
[Site "Bratto - Castione della Presolana ITA"]
[Date "2009.08.25"]
[Round "5"]
[White "Dervishi, Erald"]
[Black "Shytaj, Luca"]
[Result "1-0"]
[WhiteElo "2545"]
[BlackElo "2455"]
[PlyCount "123"]
[EventDate "2009.08.21"]

1. e4 c5 2. Nf3 d6 3. d4 cxd4 4. Nxd4 Nf6 5. f3 Nc6 6. c4 Qb6 7. Nc2 g6 8. Nc3
Bg7 9. Be2 O-O 10. Qd2 Be6 11. b3 a5 12. Na4 Qa7 13. Bb2 Nd7 14. Bxg7 Kxg7 15.
h4 h6 16. Rd1 f5 17. exf5 gxf5 18. Nc3 Qc5 19. f4 Nf6 20. Bf3 Rad8 21. Qe3
Qxe3+ 22. Nxe3 Bc8 23. O-O Rfe8 24. Rf2 Kg6 25. Rfd2 Be6 26. c5 Bf7 27. Nc4
Bxc4 28. bxc4 Kf7 29. cxd6 Rxd6 30. Rxd6 exd6 31. Rxd6 Re6 32. Rd1 Re3 33. Nb5
Nb4 34. Bxb7 Nxa2 35. Nd6+ Kg6 36. Bc8 Nc3 37. Bxf5+ Kh5 38. Ra1 Ng4 39. Kf1
Kxh4 40. Bc8 Kg3 41. Nf5+ Kxf4 42. Nxe3 Nxe3+ 43. Kg1 Nxc4 44. Ba6 Ne5 45. Rxa5
Ng4 46. g3+ Ke4 47. Bb7+ Kd4 48. Kg2 Ne5 49. Kh3 Nf7 50. Kg4 Ne2 51. Rd5+ Ke3
52. Rf5 Ng5 53. Rf6 Nd4 54. Rxh6 Nf7 55. Rh5 Nd6 56. Ba8 Kf2 57. Rd5 N6f5 58.
Kh3 Ke3 59. g4 Ng7 60. Re5+ Kf2 61. Bd5 Ne2 62. Rg5 1-0